000
00307nam a2200109 4500
999
_c
13529
_d
13529
008
190328b ||||| |||| 00| 0 eng d
245
_a
Studies say US isn't cleanest country on earth.
260
_a
Philippines
_b
Manila Bulletin
_c
c2017
300
_a
page B-7.
650
0
_9
37802
_a
Ecology.
942
_2
ddc
_c
PER